000 00758nam a22001817a 4500
999 _c56900
_d56900
005 20191106130015.0
008 190612b2019 ru ||||| |||| 00| 0 rus d
020 _q2541-8610
041 _arus
245 _aИнформационно-Управляющие Системы :
_b2019 № (99) Научный журнал /
_cГлав: Ред: М. Б Сергеев.
260 _aМосква ,
_b2019.
300 _aV.
653 _aპერიოდიკა
653 _aმართვის საინფორმაციო სისტემები
653 _aИнформционно-Управляющие Системи
700 _aСергеев,М. Б
_eმთავარი რედაქტორი
_92446
942 _2udc
_cCR